Valtiot, joilla on lentotukialuksia - Statistics

Yleistilastot
  • Tätä visaa on pelattu 1 790 kertaa
    1 058 viimeisimmän päivityksen jälkeen
  • Keskiarvotulos 9 / 11
Vastaustilastot
# Valtio % Oikein
11 Yhdysvallat
100%
3 Kiina
97%
1 Venäjä
96%
1 Ranska
93%
2 Japani
92%
2 Yhdistynyt kuningaskunta
90%
2 Intia
86%
1 Espanja
76%
2 Italia
70%
1 Turkki
56%
1 Thaimaa
31%
Ehtoja vastaavia visoja ei löytynyt
Tulosjakauma
Jokaisen tuloksen saaneiden osuus
Persentiili vastausten määrän mukaan
Tuloshistoriasi
Et ole pelannut tätä visaa sen viimeisimmän päivityksen jälkeen